000 00676nam a22001817a 4500
005 20100814115228.0
010 _aENG-100374
020 _a978817450968
_c95.00
035 _aEN-83906
037 _bDBAD/PUB
082 _a510
245 _aMathematics :
_bexemplar problems class X /
_cby National Council of Educational Research and Training
260 _aNew Delhi
_bNational Council of Educational Research and Training
_c2009
270 _aSri Aurobindo Marg
_bNew Delhi
_e110016
300 _axiv,236p.
_c24cm (pbk)
942 _2ddc
_cEN
_h510
_mMAT
999 _c41832
_d41832